| 000 | 00485nam a2200169 i 4500 | ||
|---|---|---|---|
| 001 | 27537 | ||
| 003 | ES-MaACL | ||
| 005 | 20230906153636.0 | ||
| 007 | t| | ||
| 008 | 030114s1971 sp ||||1| spa d | ||
| 100 | 1 |
_aAubry, André. _923822 |
|
| 245 | 1 | 1 |
_a¿Ha pasado el tiempo de la Liturgia? / _cAndré Aubry ; [Tradujo Ignacio Laza]. |
| 260 |
_aMadrid : _bAtenas, _c1971. |
||
| 300 |
_a154 p. ; _c19 cm. |
||
| 700 | 1 |
_aLaza, Ignacio. _970773 |
|
| 852 |
_aES-MaACL _jC-50665 _bR.77173 |
||
| 999 |
_c27537 _d27537 |
||